Las cooperativas en Costa Rica: figura jurídica y forma de propiedad; bases de discusión /
La ausencia de una sistematización conceptual que sienta bases para la comprensión teórica de las cooperativas como tales, es una limitación que da lugar a que se otorgue a menudo, contenido de realidad a una serie de pre-nociones solo legalmente sancionadas. Se intenta aportar elementos tendientes...
Guardado en:
| Autor principal: | |
|---|---|
| Formato: | Texto |
| Lenguaje: | Spanish |
| Publicado: |
San José, Costa Rica;
Editorial de la Universidad de Costa Rica:
1987
|
| Materias: | |
| Etiquetas: |
Agregar Etiqueta
Sin Etiquetas, Sea el primero en etiquetar este registro!
|
MARC
| LEADER | 00000 a a2200000 04500 | ||
|---|---|---|---|
| 001 | 14756 | ||
| 003 | cru IIS | ||
| 005 | 20210813142557.0 | ||
| 008 | 210813c1987 |||fr||| |||| 00| 0 spa d | ||
| 022 | |a 0482-5276 | ||
| 040 | |a CRAI-IIS |b SPA |c CRAI-IIS | ||
| 090 | |a REV0862 (35) 1987 | ||
| 100 | |a Vega Martínez, Mylena | ||
| 245 | |a Las cooperativas en Costa Rica: |b figura jurídica y forma de propiedad; bases de discusión / |c Mylena Vega Martínez | ||
| 260 | |a San José, Costa Rica; |b Editorial de la Universidad de Costa Rica: |c 1987 | ||
| 300 | |a pp. 81-93 | ||
| 500 | |a También EN: Mayorga Acuña y otros: Panorama del desarrollo cooperativo en Costa Rica. páginas 255-282. # acceso CIDCACS: 09849.02 | ||
| 500 | |a Colección Centroamérica | ||
| 520 | |a La ausencia de una sistematización conceptual que sienta bases para la comprensión teórica de las cooperativas como tales, es una limitación que da lugar a que se otorgue a menudo, contenido de realidad a una serie de pre-nociones solo legalmente sancionadas. Se intenta aportar elementos tendientes a situar la especificidad de las cooperativas con el fin de enfrentar la definición legal, así como los principios cooperativos y establecer similitudes y divergencias entre una cooperativa y una sociedad mercantil. Seguidamente, se analizan las fórmulas cooperativas existentes en el país con miras a proponer una futura definción de las cooperativas costarricenses considernando las funciones que estas entidades han desempeñado en diferentes instancias de la realidad social. OB/EL | ||
| 650 | |a TEORIA SOCIAL | ||
| 650 | |a COOPERATIVAS | ||
| 650 | |a LEGISLACION | ||
| 650 | |a DESARROLLO ECONOMICO Y SOCIAL | ||
| 650 | |a PROPIEDAD COLECTIVA | ||
| 650 | |a EDUCACION COOPERATIVA | ||
| 650 | |a PUB.IIS | ||
| 773 | 0 | |0 18728 |9 4437 |a Universidad de Costa Rica. |d San José, Costa Rica Editorial UCR 1959- |o 16824 |t Revista de Ciencias Sociales/ |x 04825276 |g número 35; páginas 81-93 | |
| 942 | |2 z |c PP |h REV0862 (35) 1987 |6 REV0862_35_1987 | ||
| 999 | |c 37102 |d 37102 | ||
